La rebelión de Tomóchic (notice nᵒ 8819)
[ vue normale ]
| 000 -Sello discográfico | |
|---|---|
| campo de control de longitud fija | 00921nam a2200313 4500 |
| 005 - Identificación de versión | |
| campo de control | 20251016085058.0 |
| 010 ## - Número Estándar Internacional de Libros (ISBN) | |
| Número (ISBN) | 968-29-5106-2 |
| 035 ## - Otros números de control del sistema | |
| Número de control del sistema | 29703 |
| 099 ## - fechas locales | |
| Tipo de ítem Koha | LIBRO |
| 100 ## - Datos de procesamiento general | |
| Datos de procesamiento general | 20021205d1993 m y1spay5003 ba |
| 105 ## - Campo de datos codificados: Material textual, monográfico | |
| Datos codificados de monografía | a 001zy |
| 200 1# - Título y mención de responsabilidad | |
| Título propio | La rebelión de Tomóchic |
| Designación general del material | texto impreso |
| Primer mención de responsabilidad | Lilián Illades Aguiar |
| 205 ## - Declaración de edición | |
| Declaración de edición | 1a ed |
| 210 ## - Publicación, distribución, etc. | |
| Lugar de publicación, distribución, etc. | México |
| Nombre del editor, distribuidor, etc. | Instituto Nacional de Antropología e Historia |
| Fecha de publicación, distribución, etc. | 1993 |
| 215 ## - Descripción física | |
| Designación de material específico y extensión del ítem | 111 p |
| Otras características físicas | fot. |
| Dimensiones | 26 cm |
| 320 ## - Nota de índices/bibliografías internas | |
| Texto de la nota | Bibliografía: p.109-111 |
| 345 ## - Nota de información de adquisición | |
| Fuente de adquisición/dirección de la suscripción [OBSOLETO] | Donación |
| 410 #1 - Series | |
| Título | Colección Científica |
| Nombre de parte o sección | Serie Historia |
| Número de volumen | 275 |
| 607 ## - Nombre geográfico utilizado como tema | |
| Elemento de entrada | Tomóchic, Chihuahua (México) |
| Subdivisión temática | Historia |
| Número Koha | 14895 |
| 660 ## - Código de área geográfica | |
| Código | MX |
| 700 ## - Nombre personal - Responsabilidad primaria | |
| Elemento de entrada | Illades Aguiar |
| Parte del nombre distinta del elemento de entrada | Lilián |
| Número Koha | 14896 |
| 801 #0 - Fuente de origen | |
| Agencia | cm |
| 900 ## - | |
| -- | 1/3139 |
| 900 ## - | |
| -- | 7100214929\051202 |
| 942 ## - ELEMENTOS DE ENTRADA SECUNDARIOS (KOHA) | |
| Tipo de ítem Koha | Livre |
| 996 ## - | |
| -- | MEX |
| -- | 751145101 |
| -- | MMAG |
| -- | 002196 |
| -- | 301.5 I59 V.275 |
| -- | 20200811LIV |
| Estatus retirado | Estado de daño | Estado de pérdida | Fecha de adquisición | Biblioteca de origen | Biblioteca actual | Ubicación en estantería | Código de barras | Precio de reemplazo | Signatura topográfica completa | No para préstamo | Tipo de ítem Koha | Nota pública | Nota no pública |
|---|---|---|---|---|---|---|---|---|---|---|---|---|---|
| 05/08/2025 | Casa México Paris | Casa México Paris | 002196 | 05/08/2025 | 301.5 I59 V.275 | Livre | 20200811LIV | 751145101 |